Normal view
MARC view
Entry Personal Name
001 - CONTROL NUMBER
- control field: 12808
003 - CONTROL NUMBER IDENTIFIER
- control field: OSt
005 - DATE AND TIME OF LATEST TRANSACTION
- control field: 20190815112844.0
008 - FIXED-LENGTH DATA ELEMENTS
- fixed length control field: 190815|| aca||aabn | a|a d
040 ## - CATALOGING SOURCE
- Original cataloging agency: OSt
- Transcribing agency: OSt
100 ## - HEADING--PERSONAL NAME
- Personal name: Yorke, Mantz.
670 ## - SOURCE DATA FOUND
- Source citation: Work cat.: (OSt): Knight, Peter, 1950- 12804, Learning, curriculum and employability in higher education /, 2004.
